000 00793cab a2200253 4500
001 WB2934-04
008 090401t1993 xxu||||| |||| 00| 0 eng d
035 _a(Sirsi) u24960
041 _aeng
245 _aThousands risk workplace radiation
260 _c1993
350 _a0
490 _aIndependent
_v16 September 1993, 5(1)
520 _aThe NRPB urges employers to test radon levels in the workplace following research showing that some workers are exposed to high levels. "Radiation exposure of the UK population - 1993" NRPB £10.
650 _aEXPOSURE
650 _aNATIONAL RADIOLOGICAL PROTECTION BOARD
650 _aOFFICES
650 _aRADON GAS
650 _aSHOPS
650 _aWORKPLACE
690 _aBUILT ENVIRONMENT
942 _n0
948 _c04/03/1997
999 _c16739
_d16739